जीने के लिए / (Record no. 113894)

MARC details
000 -LEADER
fixed length control field 01155nam a22002657a 4500
005 - DATE AND TIME OF LATEST TRANSACTION
control field 20170124103000.0
010 ## - LIBRARY OF CONGRESS CONTROL NUMBER
LC control number A-703800
020 ## - INTERNATIONAL STANDARD BOOK NUMBER
Terms of availability 125.00
035 ## - SYSTEM CONTROL NUMBER
System control number A-703800
037 ## - SOURCE OF ACQUISITION
Source of stock number/acquisition Cen Lib/Ret
040 ## - CATALOGING SOURCE
Original cataloging agency DPL
Language of cataloging HN
082 ## - DEWEY DECIMAL CLASSIFICATION NUMBER
Classification number
Item number ज़ोलाए
100 ## - MAIN ENTRY--PERSONAL NAME
Personal name ज़ोला, एमिल
9 (RLIN) 54317
245 ## - TITLE STATEMENT
Title जीने के लिए /
Statement of responsibility, etc एमिल ज़ोला; अनुवादक साधना सर्वटे
246 ## - VARYING FORM OF TITLE
Title proper/short title Jeene ke liye /
Remainder of title by Emil Zola; anuvadak Sadhna Sarvate
260 ## - PUBLICATION, DISTRIBUTION, ETC. (IMPRINT)
Place of publication, distribution, etc दिल्ली
Name of publisher, distributor, etc जनवाणी प्रकाशन
Date of publication, distribution, etc 1995
270 ## - ADDRESS
Address 30/22-A, गालो न. 9 विश्वास नगर, शाहदरा
City दिल्ली
Postal code 110032
300 ## - PHYSICAL DESCRIPTION
Extent 219पृ.
Dimensions 20सेमी (सजिल्द)
650 ## - SUBJECT ADDED ENTRY--TOPICAL TERM
Topical term or geographic name as entry element हिन्दी साहित्य
9 (RLIN) 54318
650 ## - SUBJECT ADDED ENTRY--TOPICAL TERM
Topical term or geographic name as entry element हिन्दी साहित्य -- उपन्यास
9 (RLIN) 46379
650 ## - SUBJECT ADDED ENTRY--TOPICAL TERM
Topical term or geographic name as entry element Hindi literature
9 (RLIN) 54319
650 ## - SUBJECT ADDED ENTRY--TOPICAL TERM
Topical term or geographic name as entry element Hindi literature -- Fiction
9 (RLIN) 54320
700 ## - ADDED ENTRY--PERSONAL NAME
Personal name सर्वटे, साधना
9 (RLIN) 54321
942 ## - ADDED ENTRY ELEMENTS (KOHA)
Source of classification or shelving scheme Dewey Decimal Classification
Koha item type Hindi Books
Classification part
Call number suffix ज़ोलाए
Holdings
Withdrawn status Lost status Damaged status Not for loan Home library Current library Date acquired Source of acquisition Cost, normal purchase price Total Checkouts Full call number Barcode Date last seen Copy number Cost, replacement price Price effective from Koha item type Public note
Written off       Central Library Central Library 13/08/2015 Cen Lib/Ret 125.00   उ ज़ोलाए A-703800 13/08/2015 1 125.00 13/08/2015 Hindi Books Written off on approval by DLB (By Circulation); dtd 15-06-2023

© Delhi Public Library
Hit Counter
free hit counter